Our life depends on nature : (Registro nro. 1244)

Detalles MARC
000 -CABECERA
Campo de control 01143nam a2200289 a 4500
005 - FECHA Y HORA DE LA ULTIMA TRANSACCION
Campo de control 20191217041623.0
008 - ELEMENTOS DE LONGITUD FIJA—INFORMACION GENERAL
Campo de control 140226b1994 ne a|||gr|||| 00| 0 eng d
040 ## - FUENTE DE CATALOGACIÓN
Agencia catalogadora original CO-BoIAVH
Agencia transcriptora CO-BoIAVH
041 0# - IDIOMA
Código de idioma para texto/pista de sonido o título separado Inglés
044 ## - PAÍS DE PUBLICACIÓN
País de publicación Holanda
082 04 - NUMERO DE CLASIFICACION DECIMAL DEWEY
Número de clasificación 634.987
Número del ítem B41o
100 1# - ASIENTO PRINCIPAL--NOMBRE PERSONAL
Nombre personal Beer, Jenne de
Término relacionado autora
9 (RLIN) 11445
245 10 - MENCION DE TITULO
Título Our life depends on nature :
Parte restante del título non-timber forest products in conservation and community development in Lao PDR /
Mención de responsabilidad Jenne de Beer [y otros 5]
260 ## - PUBLICACION, DISTRIBUCION, ETC. (PIE DE IMPRENTA)
Lugar de publicación, distribución, etc. Utrecht :
Nombre del editor, distribuidor, etc. ProFound :
-- Novib,
Fecha de publicación, distribución, etc. 1994.
300 ## - DESCRIPCION FISICA
Extensión 100 páginas aproximadamente :
Otros detalles físicos ilustraciones a color ;
Dimensiones 30 x 21 cm.
650 26 - ASIENTO SECUNDARIO DE MATERIA - TERMINO TEMATICO
Término temático o nombre geográfico como elemento de entrada Productos forestales no leñosos
Subdivisión general Conservación
9 (RLIN) 86774
650 26 - ASIENTO SECUNDARIO DE MATERIA - TERMINO TEMATICO
Término temático o nombre geográfico como elemento de entrada Conservación de la diversidad biológica
9 (RLIN) 86775
650 26 - ASIENTO SECUNDARIO DE MATERIA - TERMINO TEMATICO
Término temático o nombre geográfico como elemento de entrada Desarrollo de la comunidad
9 (RLIN) 19510
651 26 - ASIENTO SECUNDARIO DE MATERIA - NOMBRE GEOGRAFICO
Nombre geográfico República Democrática Popular Lao
9 (RLIN) 86773
700 1# - ASIENTO SECUNDARIO - NOMBRE PERSONAL
Nombre personal Gribnau, Carol
Término de relación autora
9 (RLIN) 11447
700 1# - ASIENTO SECUNDARIO - NOMBRE PERSONAL
Nombre personal Ketphanh, Sounthone
Término de relación autora
9 (RLIN) 11448
700 1# - ASIENTO SECUNDARIO - NOMBRE PERSONAL
Nombre personal Chinh, Phung Huu
Término de relación autora
9 (RLIN) 11449
700 1# - ASIENTO SECUNDARIO - NOMBRE PERSONAL
Nombre personal Bergmans, Wim
Término de relación autor
9 (RLIN) 11450
700 1# - ASIENTO SECUNDARIO - NOMBRE PERSONAL
Nombre personal Polsena, Kamphanh
Término de relación autora
9 (RLIN) 11451
700 1# - ASIENTO SECUNDARIO - NOMBRE PERSONAL
Nombre personal Ottens, Bert Jan
Término de relación autor
9 (RLIN) 11452
942 ## - ELEMENTOS ADICIONALES (KOHA)
Tipo de ítem Libro
Sistema de clasificación Dewey Decimal Classification
Existencias
Withdrawn status Lost status Sistema de Clasificación Damaged status No para préstamo Colección Inventariado Ubicación Permanente Ubicación actual Fecha de adquisición Fuente de Valor Valor Total Checkouts Número topográfico Inventario / Código de Barras Date last seen Ejemplar Price effective from Forma de adquisición Tipo de material
    Dewey Decimal Classification     General Inventariado 2017 Sala Fabio Quevedo Sala Fabio Quevedo 26/04/1999 Instituto 39000.00   LB-634.987 B41o 001682 04/12/2012 Ej. 1 04/12/2012 Donación Libro